000 00916nam a2200253 i 4500
001 14099
003 ES-MaACL
005 20231228062635.0
007 t|
008 980929s1998 sp ||||1| spa d
020 _a84-88973-71-3
080 _a34 Castán Tobeñas, José
080 _a929 Castán Tobeñas, José
100 1 _aGarcía Cantero, Gabriel.
_954335
245 1 3 _aEl maestro Castán /
_cGabriel García Cantero.
260 _aMadrid :
_bColegio de Registradores de la Propiedad y Mercantiles de España,
_c[1998]
300 _a308 p. ;
_c20 cm.
490 1 _aBiblioteca del Seminario Jerónimo González
600 1 7 _aCastán Tobeñas, José,
_d1889-1969
_2embne
_936392
710 2 _aColegio de Registradores de la Propiedad y Mercantiles de España.
_92938
830 0 _aBiblioteca del Seminario Jerónimo González
_9179570
852 _aES-MaACL
_jL-21420
_bR.126765
999 _c14099
_d14099